Szczegóły MARC21

Elastyczny rynek pracy i bezpieczeństwo socjalne : flexicurity po polsku? /

003 -Nazwa inst., której nr kontr. jest w polu 001 [,]
    • @
    • Nazwa instytucji, której n kontrolny jest w polu 001
    • NUKAT
005 -DATA I CZAS OSTATNIEJ MODYFIKACJI [,]
    • @
    • pole kontrolne
    • 20260422094546.0
020 -Międzynarod. znormalizowany nr książki - ISBN [ , ]
    • a
    • Numer ISBN
    • 8389817802 Find
020 -Międzynarod. znormalizowany nr książki - ISBN [ , ]
    • a
    • Numer ISBN
    • 8389817659 Find
040 -Instytucja sporządzająca opis [ , ]
    • a
    • Instytucja, która sporządziła opis (NP)
    • WA U/98ZS
    • c
    • Instytucja, która sporządziła rekord (NP)
    • WA U/ZS
    • d
    • Instytucja, która zmodyfikowała rekord (P)
    • WA U/98AST
    • d
    • Instytucja, która zmodyfikowała rekord (P)
    • WA U/98MAPs
    • d
    • Instytucja, która zmodyfikowała rekord (P)
    • WR U/PAdjm
    • d
    • Instytucja, która zmodyfikowała rekord (P)
    • WA U/98ZS
    • d
    • Instytucja, która zmodyfikowała rekord (P)
    • GL 001/IFW
942 -Rodzaj dokumentu [ , ]
    • c
    • Rodzaj dokumentu
    • Książka
245 -Strefa tytułu i oznaczenia odpowiedzialności [0,0]
    • a
    • Tytuł
    • Elastyczny rynek pracy i bezpieczeństwo socjalne : Find
    • b
    • Ciąg dalszy tytułu (NP)
    • flexicurity po polsku? / Find
    • c
    • Pozostałe elementy strefy tytułu i oznaczenia odpowiedzialności (NP)
    • pod red. Marka Rymszy ; Instytut Spraw Publicznych. [Program Polityki Społecznej].
260 -Strefa adresu wydawniczego [ , ]
    • a
    • Miejsce wydania (P)
    • Warszawa :
    • b
    • Nazwa wydawcy (P)
    • Instytut Spraw Publicznych,
    • c
    • Data wydania (P)
    • 2005.
300 -Strefa opisu fizycznego [ , ]
    • a
    • Określenie formy książki i/lub objętość (NP)
    • 204 s. :
    • b
    • Oznaczenie ilustracji (NP)
    • il. ;
    • c
    • Format (NP)
    • 24 cm.
336 -Typ zawartości [ , ]
    • a
    • Termin opisujący typ zawartości
    • Tekst
    • b
    • Kod określający zawartość
    • txt
    • 2
    • Źródło (terminu i kodu)
    • rdacontent
337 -Typ mediów [ , ]
    • a
    • Tryb odtwarzania
    • Bez urządzenia pośredniczącego
    • b
    • Kod typu mediów
    • n
    • 2
    • Źródło (terminu i kodu)
    • rdamedia
338 -Typ/rodzaj nośnika [ , ]
    • a
    • Hasło opisujące typ nośnika
    • Wolumin
    • b
    • Kod typu nośnika
    • nc
    • 2
    • Źródło (terminu i kodu)
    • rdacarrier
380 -Deskryptor - Forma dzieła (P) [ , ]
    • a
    • forma dzieła (NP)
    • Książki
490 -Strefa serii i książki wielotomowej - forma nie do wyszukiwania [1, ]
    • a
    • Tytuł (P)
    • Ekspertyzy, Rekomendacje, Raporty z Badań / Instytut Spraw Publicznych Find
830 -Hasło dodatkowe serii i opisu książki wielotomowej - tytuł ujednolicony/tytuł [ ,0]
    • a
    • Tytuł ujednolicony/tytuł (NP)
    • Ekspertyzy, Rekomendacje, Raporty z Badań - Instytut Spraw Publicznych
    • 9
    • KHW
    • 11203
500 -Uwaga ogólna [ , ]
    • a
    • Uwaga ogólna (NP)
    • W części nakładu brak nazwy serii, na 4 s. okł. ISBN omyłkowo przypisany książce oraz zmieniona szata graficzna - inf. od wydawcy.
080 -Uniwersalna Klasyfikacja Dziesiętna [ , ]
    • 2
    • Identyfikator wydania tablic
    • UDC-P022
    • a
    • Symbol klasyfikacji
    • 331.5
    • b
    • Dopowiedzenie
    • Rynek pracy. Zatrudnienie. Pełne zatrudnienie. Brak sił roboczych. Ruchliwość sił roboczych. Obcokrajowe siły robocze. Zatrudnienie cudzoziemców. Gastarbeiterzy. Praca za granicą. Rehabilitacja zawodowa.
    • x
    • Poddział wspólny
    • (438:4-67)
    • b
    • Dopowiedzenie
    • (Polska - Unia Europejska).
    • x
    • Poddział wspólny
    • "1989/..."
650 -Hasło przedmiotowe [ ,7]
    • a
    • Hasło przedmiotowe
    • Flexicurity
    • 2
    • Źródło terminu
    • DBN
650 -Hasło przedmiotowe [ ,7]
    • a
    • Hasło przedmiotowe
    • Polityka społeczna
    • 2
    • Źródło terminu
    • DBN
    • 9
    • KHW
    • 721639
650 -Hasło przedmiotowe [ ,7]
    • a
    • Hasło przedmiotowe
    • Rynek pracy
    • 2
    • Źródło terminu
    • DBN
    • 9
    • KHW
    • 721578
650 -Hasło przedmiotowe [ ,7]
    • a
    • Hasło przedmiotowe
    • Polityka zatrudnienia
    • z
    • Określnik geograficzny
    • Polska
    • y
    • Określnik chronologiczny
    • 1990-.
    • 2
    • Źródło terminu
    • kaba
    • 9
    • KHW
    • 367069
650 -Hasło przedmiotowe [ ,7]
    • a
    • Hasło przedmiotowe
    • Ubezpieczenia społeczne
    • z
    • Określnik geograficzny
    • Polska
    • y
    • Określnik chronologiczny
    • 1990-.
    • 2
    • Źródło terminu
    • kaba
    • 9
    • KHW
    • 352936
651 -Hasło przedmiotowe w formie nazwy geograficznej [ ,7]
    • a
    • Nazwa geograficzna
    • Kraje Unii Europejskiej
    • 2
    • Źródło terminu
    • DBN
    • 9
    • KHW
    • 720927
651 -Hasło przedmiotowe w formie nazwy geograficznej [ ,7]
    • a
    • Nazwa geograficzna
    • Polska
    • 2
    • Źródło terminu
    • DBN
    • 9
    • KHW
    • 721438
658 -Ujęcie treści [ , ]
    • a
    • dziedzina nauki i sztuki/ sfera aktywności życiowej
    • Zarządzanie i marketing
980 -Symbol UKD [ , ]
    • a
    • UKD
    • 331.5(438:4-67)"1989/..."
700 -Hasło dodatkowe - nazwa osobowa [1, ]
    • a
    • Nazwa osobowa (NP)
    • Rymsza, Marek Find
    • d
    • Daty biograficzne (NP)
    • (1966- ).
    • e
    • Określenie rodzaju współpracy
    • Red.
    • 9
    • KHW
    • 15822
710 -Hasło dodatkowe - nazwa ciała zbiorowego [2, ]
    • a
    • Nazwa ciała zbiorowego lub nazwa geograficzna jako pierwszy element (NP)
    • Instytut Spraw Publicznych.
    • 4
    • Kod relacji
    • pbl
    • 9
    • KHW
    • 15825
920 -ISBN [ , ]
    • a
    • ISBN
    • 83-89817-80-2 Find
920 -ISBN [ , ]
    • a
    • ISBN
    • 83-89817-65-9 Find
Status udost. Numer inwentarzowy Data inwentaryzacji Lokalizacja
1Pd.178622006-10-23BG
-11H.151712006-10-23BNS